[Event "Masters"]
[Site "Liege BEL"]
[Date "2008.01.12"]
[Round "9"]
[White "Foisor,O"]
[Black "Goossens,E"]
[Result "1/2-1/2"]
[WhiteElo "2401"]
[BlackElo "2302"]

1.Nf3 Nf6 2.c4 c5 3.g3 b6 4.Bg2 Bb7 5.O-O g6 6.Nc3 Bg7 7.d4 cxd4 8.Qxd4 O-O
9.Qh4 Na6 10.Bh6 Nc5 11.Rad1 Nce4  1/2-1/2

[Event "6th ch-PriFO Men"]
[Site "Kazan RUS"]
[Date "2008.01.23"]
[Round "1"]
[White "Ioffe,D"]
[Black "Lushenkov,M"]
[Result "0-1"]
[WhiteElo "2176"]
[BlackElo "2458"]

1.Nf3 Nf6 2.c4 c5 3.g3 b6 4.Bg2 Bb7 5.O-O g6 6.b3 Bg7 7.Bb2 O-O 8.Nc3 a6
9.Rc1 d6 10.d4 cxd4 11.Nxd4 Bxg2 12.Kxg2 Qd7 13.Qd3 Qb7+ 14.Qf3 Qxf3+ 15.exf3 e6
16.Ba3 Rd8 17.Rfd1 Bf8 18.Rc2 Nbd7 19.Rcd2 Rac8 20.Nde2 Nc5 21.Nc1 h5 22.Nd3 Nb7
23.Bb2 Be7 24.f4 Nd7 25.Ne5 Ndc5 26.Nf3 Rc7 27.h4 Rdc8 28.Ng5 Nd7 29.Nge4 Kf8
30.Ba3 Ndc5 31.Bb2 Nxe4 32.Nxe4 b5 33.c5 d5 34.Nf6 Nxc5 35.f3 Bxf6 36.Bxf6 Nd7
37.Bd4 Ke7 38.g4 Rc2 39.f5 gxf5 40.gxf5 e5 41.Ba1 Rxd2+ 42.Rxd2 Kd6 43.Kf2 b4
44.f4 f6 45.a3 Nc5 46.fxe5+ fxe5 47.Ke2 Nxb3  0-1

[Event "4th Open A"]
[Site "Moscow RUS"]
[Date "2008.02.05"]
[Round "4"]
[White "Yatsenko,A"]
[Black "Andreikin,D"]
[Result "1/2-1/2"]
[WhiteElo "2442"]
[BlackElo "2573"]

1.Nf3 Nf6 2.c4 c5 3.g3 b6 4.Bg2 Bb7 5.O-O g6 6.Nc3 Bg7 7.d3 O-O 8.Bg5 h6
9.Bd2 d5 10.cxd5 Nxd5 11.Qc1 Kh7 12.h4 e6  1/2-1/2

[Event "79th ch-GER"]
[Site "Bad Woerishofen GER"]
[Date "2008.02.15"]
[Round "1"]
[White "Siebrecht,S"]
[Black "Kritz,L"]
[Result "0-1"]
[WhiteElo "2487"]
[BlackElo "2592"]

1.Nf3 Nf6 2.c4 b6 3.g3 c5 4.Bg2 Bb7 5.O-O g6 6.Nc3 Bg7 7.d4 cxd4 8.Qxd4 d6
9.Rd1 Nbd7 10.Be3 Rc8 11.Rac1 a6 12.b3 O-O 13.Qh4 Rc7 14.Ng5 Bxg2 15.Kxg2 Qa8+
16.f3 h5 17.g4 Nxg4 18.Bd4 Bxd4 19.Rxd4 Ne3+ 20.Kh1 Nf5 21.Qe4 Qxe4 22.Rxe4 Nf6
23.Rf4 e5 24.Rxf5 gxf5 25.e4 f4 26.Rg1 Kh8 27.Rd1 Rd8 28.a4 Kg7 29.Kg2 Kf8
30.Kf2 Ke7 31.h4 Rc6 32.Ke2 Rg8 33.Kd3 Rg7 34.Rg1 Kd7 35.b4 Rc8 36.Ra1 Ne8
37.Nd5 Rb8 38.a5 bxa5 39.Rxa5 f6 40.Nh3 Rg3 41.Nf2 Nc7 42.Nxf6+ Ke7  0-1

[Event "79th ch-GER"]
[Site "Bad Woerishofen GER"]
[Date "2008.02.22"]
[Round "8"]
[White "Hausrath,D"]
[Black "Rotstein,A"]
[Result "1-0"]
[WhiteElo "2507"]
[BlackElo "2548"]

1.Nf3 Nf6 2.c4 b6 3.g3 c5 4.Bg2 Bb7 5.O-O g6 6.b3 Bg7 7.Bb2 O-O 8.Nc3 Na6
9.Rc1 e6 10.d4 d5 11.e3 Qe7 12.Qe2 dxc4 13.bxc4 Ne4 14.Nb5 Nb4 15.a3 Nc6
16.Ne5 Na5 17.Qc2 f5 18.f3 Ng5 19.dxc5 Qxc5 20.Bd4 Qe7 21.Bc3 a6 22.Bb4 Qf6
23.Nd7 Qf7 24.Nxf8 axb5 25.cxb5 Bxf8 26.h4 Nxf3+ 27.Bxf3 Bxf3 28.Rxf3 Qd7
29.Bxf8 Rxf8 30.a4 Qd5 31.Qd1 Qe4 32.Rc7 Rf7 33.Qd8+ Kg7 34.Qd4+ Qxd4 35.Rxf7+ Kxf7
36.exd4 Ke7 37.Rc3 Kd6 38.Kf2 h6 39.Ke3 g5 40.h5 Kd7 41.Kd3 Kd8 42.Rc1 Kd7
43.Rc2 Kd8 44.d5 e5 45.Re2 e4+ 46.Kd4 Nb3+ 47.Ke5 Kd7 48.Rb2 Nc5 49.Ra2 e3
50.Kxf5 Kd6 51.Re2  1-0

[Event "25th Festival Open A"]
[Site "Bled SLO"]
[Date "2008.02.24"]
[Round "2"]
[White "Pazlar,M"]
[Black "Jeran,B"]
[Result "0-1"]
[WhiteElo "2087"]
[BlackElo "2173"]

1.Nf3 c5 2.c4 Nf6 3.g3 b6 4.Bg2 Bb7 5.O-O g6 6.b3 Bg7 7.Bb2 O-O 8.d4 cxd4
9.Nxd4 Bxg2 10.Kxg2 d5 11.cxd5 Nxd5 12.Qd2 e5 13.Nc2 Nc6 14.e4 Nf6 15.Qe2 Rc8
16.Rd1 Qc7 17.Nc3 Qb7 18.f3 a6 19.Nd5 Rfe8 20.Rd3 Nd7 21.Rad1 Nc5 22.R3d2 a5
23.Qb5 Rb8 24.Nde3 Na7 25.Qc4 Rbc8 26.Qd5 Nc6 27.Nc4 Red8 28.Nd6 Qc7 29.Qc4 Rb8
30.Nb5 Qe7 31.Ba3 Rxd2+ 32.Rxd2 Qg5 33.Bc1 Bf8 34.Rd1 Qh5 35.Nd6 Nd8 36.Ne3 Nde6
37.Nd5 Kg7 38.Ne3 Bxd6 39.Rxd6 Ng5 40.Ng4 Qh3+ 41.Kf2 Ngxe4+ 42.Kg1 Nxd6
43.Qd5 Ne6 44.Qxe5+ Kg8 45.Nf6+ Kf8 46.Qxd6+ Kg7 47.Ng4 Rd8 48.Bb2+ Kg8 49.Nf6+ Kh8
50.Nd7+ Kg8 51.Qe5 f6 52.Nxf6+ Kf7 53.Nd5 Qf5  0-1

[Event "TCh-HUN 2007-8"]
[Site "Budapest HUN"]
[Date "2008.03.02"]
[Round "7"]
[White "Berczes,C"]
[Black "Bernei,A"]
[Result "1-0"]
[WhiteElo "2419"]
[BlackElo "2274"]

1.Nf3 Nf6 2.g3 b6 3.Bg2 Bb7 4.O-O c5 5.c4 g6 6.Nc3 Bg7 7.Re1 O-O 8.e4 d6
9.d4 cxd4 10.Nxd4 Nbd7 11.b3 Rb8 12.Bb2 a6 13.Qd2 e6 14.Rad1 Qc7 15.f4 Rbd8
16.Nc2 Nc5 17.Ba1 b5 18.b4 Na4 19.Nxa4 bxa4 20.Ne3 e5 21.Nd5 Nxd5 22.cxd5 exf4
23.Bxg7 Kxg7 24.Qd4+ Kg8 25.gxf4 Qd7 26.Re3 Qg4 27.Rf1 Rc8 28.Rg3 Qe2 29.f5 Qc4
30.Qe3 Qxb4 31.Kh1 Rc2 32.Qh6 Qd2 33.Rg5 Qxg5 34.Qxg5 f6 35.Qg3  1-0

[Event "TCh-AUT 1st Bundesliga 2007-8"]
[Site "Graz AUT"]
[Date "2008.03.13"]
[Round "8"]
[White "Lipka,J"]
[Black "Danner,G"]
[Result "1-0"]
[WhiteElo "2438"]
[BlackElo "2445"]

1.Nf3 c5 2.c4 Nf6 3.g3 b6 4.Bg2 Bb7 5.O-O g6 6.Nc3 Bg7 7.d4 Ne4 8.Nxe4 Bxe4
9.d5 O-O 10.Bh3 Bxf3 11.exf3 d6 12.Re1 Nd7 13.a4 Rb8 14.Ra3 Re8 15.f4 a6
16.Bf1 Nf6 17.g4 h6 18.h4 Nh7 19.g5 hxg5 20.fxg5 e5 21.dxe6 Rxe6 22.Rxe6 fxe6
23.h5 gxh5 24.Qxh5 Nf8 25.Bg2 Qd7 26.g6 Qe8 27.Be4 Rc8 28.Bf4 Qe7 29.Rd3 Bd4
30.g7 Bxg7 31.Bxd6 Qe8 32.Qg4 Nd7 33.Bg6 Nf6 34.Bxe8 Nxg4 35.Bd7 Rd8 36.Bxe6+ Kh7
37.Bxg4 Bxb2 38.Bf5+ Kg8 39.Bc7 Rxd3 40.Bxd3  1-0

[Event "Far West Open"]
[Site "Reno USA"]
[Date "2008.03.23"]
[Round "5"]
[White "Donaldson,J"]
[Black "Walls,J"]
[Result "1-0"]
[WhiteElo "2420"]
[BlackElo "2027"]

1.Nf3 b6 2.g3 Bb7 3.Bg2 Nf6 4.O-O c5 5.c4 g6 6.Nc3 Bg7 7.d4 cxd4 8.Qxd4 O-O
9.Qh4 d6 10.Bh6 Nbd7 11.Rac1 Rc8 12.b3 a6 13.Rfd1 Rc7 14.Bxg7 Kxg7 15.Qd4 Qb8
16.Ne1 Bxg2 17.Nxg2 Kg8 18.Ne3 Rb7 19.Ned5 Nxd5 20.Nxd5 Nc5 21.h4 Qd8 22.Qe3 e6
23.Nc3 Rd7 24.b4 Nb7 25.Na4 d5 26.cxd5 Rxd5 27.Rxd5 Qxd5 28.Nxb6 Qd6 29.a3 Rd8
30.Rc3 Qd1+ 31.Kg2 Nd6 32.Rd3 Qa1 33.Qc5 Nb7 34.Rxd8+ Nxd8 35.Qe7 Qd4 36.Nd7 Nc6
37.Qf8+  1-0

[Event "Sozina Open"]
[Site "Bar MNE"]
[Date "2008.03.29"]
[Round "1"]
[White "Boshku,H"]
[Black "Abramovic,B"]
[Result "0-1"]
[WhiteElo "2345"]
[BlackElo "2499"]

1.Nf3 Nf6 2.g3 b6 3.Bg2 Bb7 4.O-O c5 5.c4 g6 6.Nc3 Bg7 7.d4 cxd4 8.Qxd4 d6
9.Bg5 Nbd7 10.Rac1 Rc8 11.b3 h6 12.Be3 O-O 13.Qd3 a6 14.h3 Nc5 15.Qd2 Nce4
16.Nxe4 Nxe4 17.Qb4 Nc5 18.Qd2 Ne4 19.Qb4 Nc5 20.Qd2 h5 21.Bh6 Qc7 22.Bxg7 Kxg7
23.Ng5 Bxg2 24.Kxg2 Qc6+ 25.Kh2 f6 26.Nf3 e5 27.Rcd1 Rfd8 28.h4 b5 29.cxb5 axb5
30.Rc1 Qb7 31.Qe3 Qe4 32.Nd2 Qxe3 33.fxe3 Kf7 34.b4 Nd7 35.Ne4 Ke6 36.Nc3 Rc4
37.Nxb5 Rdc8 38.Rxc4 Rxc4 39.a3 f5 40.Rd1 d5 41.Rd3 Rc2 42.Kg1 Nf6 43.a4 Rxe2
44.Nc7+ Kd6 45.Na6 Ne4 46.b5 Nxg3 47.Ra3  0-1

[Event "6th V.Nabokov Mem"]
[Site "Kyiv UKR"]
[Date "2008.04.06"]
[Round "4"]
[White "Matorin,E"]
[Black "Pavlov,S2"]
[Result "0-1"]
[WhiteElo "2286"]
[BlackElo "2418"]

1.Nf3 Nf6 2.c4 b6 3.g3 Bb7 4.Bg2 c5 5.O-O g6 6.b3 Bg7 7.Bb2 O-O 8.d4 cxd4
9.Nxd4 Bxg2 10.Kxg2 Qc7 11.Nc3 Qb7+ 12.Kg1 Nc6 13.Nxc6 dxc6 14.c5 Ne4 15.Nxe4 Bxb2
16.Rb1 Bg7 17.Qc2 b5 18.Rfd1 Rfd8 19.Rd3 f5 20.Ng5 Bf6 21.Rxd8+ Rxd8 22.Ne6 Rd5
23.e4 fxe4 24.Nf4 Rd4 25.Ne6 Rd5 26.Nf4 Rd4 27.Ne6 Rd3 28.Nf4 Rc3 29.Qxe4 Qd7
30.Ne6 Qd3 31.Qe1 Rc2 32.Rd1 Re2 33.Qf1 Qe4 34.Nf4 Rxa2 35.Qh3 Bd4 36.Qc8+ Kf7
37.Nh3 Bf6 38.b4 Qf5 39.Qxf5 gxf5 40.Rd7 Ra4 41.Nf4 Rxb4 42.Rxa7 Rc4 43.Nd3 Rc3
44.Nb4 Rxc5 45.Rc7 Rc1+ 46.Kg2 c5 47.Nd3 Rc3 48.Nf4 Be5 49.Nd5 Bxc7 50.Nxc3 b4
51.Na4 b3 52.f4 c4 53.Kf3 Ba5 54.Ke2 c3 55.Kd1 Bb4  0-1

[Event "26th Metz Open"]
[Site "Metz St Symphorien FRA"]
[Date "2008.04.23"]
[Round "5"]
[White "Sulava,N"]
[Black "Saatdjian,T"]
[Result "1-0"]
[WhiteElo "2479"]
[BlackElo "2311"]

1.Nf3 Nf6 2.g3 b6 3.Bg2 Bb7 4.O-O c5 5.c4 g6 6.b3 Bg7 7.Bb2 O-O 8.d4 cxd4
9.Qxd4 d6 10.Rd1 Nbd7 11.Ne1 Bxg2 12.Nxg2 a6 13.Nc3 Rb8 14.Ne3 b5 15.cxb5 axb5
16.Qb4 Qb6 17.Ned5 Qd8 18.Nxf6+ Bxf6 19.Rab1 Ra8 20.a3 Qa5 21.Qxa5 Rxa5 22.b4 Ra6
23.Nd5 Ne5 24.Rbc1 Kg7 25.Kg2 Rb8 26.Rc7 Nc4 27.Bc1 e6 28.Nxf6 Kxf6 29.Rd3 Kg7
30.Rf3 Rf8 31.g4 d5 32.Rh3 Kg8 33.Bh6 Rfa8 34.Rf3 Nd6 35.Rd7 Rc8 36.Bg5 Re8
37.Be7 Nc4 38.Bf6 Rxa3 39.Rb7 Ra2 40.Bd4 Nd6 41.Rd7 e5 42.Bc5 Ne4 43.Rfxf7 Nxc5
44.Rg7+ Kh8 45.Rxh7+ Kg8 46.Rhg7+ Kh8 47.bxc5 Re6 48.Rh7+ Kg8 49.Rdg7+ Kf8
50.Rb7  1-0

[Event "26th Metz Open"]
[Site "Metz St Symphorien FRA"]
[Date "2008.04.26"]
[Round "8"]
[White "Savchenko,S"]
[Black "Marzolo,C"]
[Result "1/2-1/2"]
[WhiteElo "2560"]
[BlackElo "2476"]

1.Nf3 Nf6 2.c4 c5 3.g3 b6 4.Bg2 Bb7 5.O-O g6 6.b3 Bg7 7.Bb2 O-O 8.e3 d6 9.Nc3 Nbd7
10.Qe2 a6 11.Rfd1 Qc7 12.Rac1 Rfe8 13.d4 e6 14.Ng5 Bxg2 15.Kxg2 Rad8 16.Qf3 h6
17.Nge4 Nxe4 18.Nxe4 f5 19.Nc3 Nf6 20.Rc2 Rd7 21.Rcd2  1/2-1/2

[Event "III President's Cup"]
[Site "Baku AZE"]
[Date "2008.05.15"]
[Round "4"]
[White "Mchedlishvili,M"]
[Black "Sulashvili,M"]
[Result "1-0"]
[WhiteElo "2635"]
[BlackElo "2491"]

1.Nf3 Nf6 2.c4 c5 3.g3 b6 4.Bg2 Bb7 5.O-O g6 6.d4 cxd4 7.Qxd4 Bg7 8.Nc3 O-O
9.Qh4 h5 10.Bg5 d6 11.Nd5 Nxd5 12.cxd5 f6 13.Be3 Bxd5 14.Nd4 Bxg2 15.Kxg2 Qd7
16.Qe4 Na6 17.Qxg6 Qg4 18.Qc2 Rac8 19.Qb3+ Kh8 20.f3 Qg6 21.Ne6 Rg8 22.Qa4 Nc7
23.Nf4 Qf5 24.Qxa7 Bh6 25.Qa4 e5 26.Nd5 Nxd5 27.Bxh6 Nf4+ 28.Kf2 Nh3+ 29.Ke1 Rc2
30.Qh4 Rxb2 31.Bc1 Rb1 32.e4 Rxa1 33.exf5 Rxc1+ 34.Kd2 Rxf1 35.Qxh5+ Kg7
36.Qg6+ Kf8 37.Qxf6+ Ke8 38.Qe6+ Kf8 39.f6 Rf2+ 40.Ke1  1-0

[Event "Serbia Cup"]
[Site "Zlatibor SRB"]
[Date "2008.06.19"]
[Round "4"]
[White "Petrov,G MKD"]
[Black "Matijevic,N"]
[Result "1/2-1/2"]
[WhiteElo "2262"]
[BlackElo "2208"]

1.Nf3 c5 2.c4 Nf6 3.g3 b6 4.Bg2 Bb7 5.O-O g6 6.b3 Bg7 7.Bb2 O-O 8.Nc3 d6
9.d4 Ne4 10.Qd3 Nxc3 11.Bxc3 cxd4 12.Nxd4 Bxg2 13.Kxg2 Na6 14.Rfd1 Nc5 15.Qc2 Qc7
16.e4 Qb7 17.f3 a5 18.a3 Rac8 19.a4 h5 20.Re1 Rfd8 21.Rad1 e6 22.Nb5 d5 23.Bxg7 Kxg7
24.exd5 exd5 25.cxd5 Nxa4 26.Qd3 Nc5 27.Qd4+ Kg8 28.b4 axb4 29.Qxb4 Rxd5
30.Nd6 Rxd1 31.Rxd1 Qd7 32.Qxb6 Ne6 33.Rd2 Ng5 34.Nxc8 Qxd2+ 35.Qf2 Qd7 36.Nb6 Qh3+
37.Kg1 Qf5 38.Kg2 h4 39.gxh4 Qh3+ 40.Kh1 Nxf3 41.Nd5 Nxh4 42.Nf6+ Kg7 43.Ne4 Qf3+
44.Qxf3 Nxf3 45.Kg2 Ne5 46.Kg3 f5 47.Nd6 Nd3 48.h3 Kf6 49.Nc4 Kg5 50.Nd2 Ne5
51.h4+ Kh5 52.Nf1 Nd3 53.Nd2 f4+ 54.Kh3 Ne1 55.Ne4 Nd3 56.Nf6+ Kh6 57.Kg4 Kg7
58.Nd5 Kh6 59.Nxf4 Nxf4 60.Kxf4  1/2-1/2

[Event "Open"]
[Site "Teplice CZE"]
[Date "2008.06.22"]
[Round "9"]
[White "Luch,M"]
[Black "Plischki,S"]
[Result "1/2-1/2"]
[WhiteElo "2383"]
[BlackElo "2378"]

1.Nf3 Nf6 2.c4 b6 3.g3 c5 4.Bg2 Bb7 5.O-O g6 6.d4 cxd4 7.Qxd4 d6 8.Qh4 Nbd7
9.Bh6 Bxh6 10.Qxh6 Rc8 11.Nbd2 e6 12.Rfd1 Qe7 13.b3 Qf8 14.Qf4 Qe7 15.Nf1 Ne4
16.Rac1 O-O 17.N3d2 Nec5 18.Bxb7 Nxb7 19.Ne4 Rcd8 20.Qg5 Qxg5 21.Nxg5 Nf6
22.Ne3 Rd7 23.Rd4 Rc8 24.Rcd1 Kf8  1/2-1/2

[Event "Atlantis Promotiegroep"]
[Site "Groningen NED"]
[Date "2008.06.27"]
[Round "1"]
[White "Veltman,J"]
[Black "Hoeksema,E"]
[Result "1-0"]
[WhiteElo "2174"]
[BlackElo "2347"]

1.Nf3 Nf6 2.c4 b6 3.g3 Bb7 4.Bg2 c5 5.O-O g6 6.b3 Bg7 7.Bb2 O-O 8.Nc3 d6
9.d4 cxd4 10.Qxd4 Nbd7 11.Qd2 Rc8 12.Rac1 Re8 13.Nd4 Bxg2 14.Kxg2 Qc7 15.e4 Qb7
16.f3 a6 17.Rfd1 e6 18.Nde2 Bf8 19.g4 b5 20.cxb5 axb5 21.Ng3 Red8 22.g5 Ne8
23.h4 Nc7 24.h5 b4 25.Nce2 e5 26.hxg6 hxg6 27.Rh1 Ne6 28.Rxc8 Rxc8 29.Nf5 gxf5
30.exf5 Nf4+ 31.Nxf4 Rc5 32.Nh5 Qc6 33.Rc1 d5 34.Rxc5 Bxc5 35.Ng3 Ba7 36.Qc1 Qa6
37.Kh3 Bc5 38.g6 fxg6 39.Qh6 Nf8 40.Bxe5 Qd3 41.Qg7+  1-0

[Event "36th TCh-GRE"]
[Site "Kallithea Halkidiki GRE"]
[Date "2008.07.06"]
[Round "1"]
[White "Kounalakis,E"]
[Black "Dorfanis,I"]
[Result "1/2-1/2"]
[WhiteElo "2120"]
[BlackElo "2177"]

1.Nf3 c5 2.c4 Nf6 3.g3 b6 4.Bg2 Bb7 5.O-O g6 6.b3 Bg7 7.Bb2 O-O 8.Nc3 d5
9.Nxd5 Nxd5 10.Bxg7 Kxg7 11.cxd5 Qxd5 12.d4 Na6 13.Nh4 Qd7 14.dxc5 Qxd1 15.Rfxd1 Bxg2
16.Nxg2 Nxc5 17.b4 Na6 18.a3 Rfd8 19.Rac1 Rac8 20.Ne3 Rxc1 21.Rxc1 Rd7 22.Kf1 h5
23.h4  1/2-1/2

[Event "ch-NOR Elite"]
[Site "Tonsberg NOR"]
[Date "2008.07.11"]
[Round "7"]
[White "Skrondal,I"]
[Black "Ekeberg,C"]
[Result "1/2-1/2"]
[WhiteElo "2189"]
[BlackElo "2349"]

1.Nf3 Nf6 2.c4 b6 3.g3 c5 4.Bg2 Bb7 5.O-O g6 6.Nc3 Bg7 7.d4 cxd4 8.Qxd4 d6
9.Qh4 h6 10.Be3 Nbd7 11.Rac1 Rc8 12.b3 Nc5  1/2-1/2

[Event "19th Czech Chladek & Tintera A Open"]
[Site "Pardubice CZE"]
[Date "2008.07.19"]
[Round "2"]
[White "Dragicevic,Draz"]
[Black "Hracek,Z"]
[Result "0-1"]
[WhiteElo "2302"]
[BlackElo "2625"]

1.Nf3 Nf6 2.c4 b6 3.g3 c5 4.Bg2 Bb7 5.O-O g6 6.Nc3 Bg7 7.d4 cxd4 8.Nxd4 Bxg2
9.Kxg2 Qc7 10.b3 Qb7+ 11.f3 d6 12.e4 Nbd7 13.Be3 a6 14.Qd2 Rc8 15.Rac1 O-O
16.Nd5 Rfe8 17.a4 e6 18.Nc3 d5 19.exd5 exd5 20.cxd5 Nxd5 21.Bf2 Nc5 22.Nce2 h5
23.Rfd1 Kh7 24.Rc4 Nxb3 25.Rxc8 Nxd2 26.Rxe8 Qd7 27.Ra8 Nc4 28.Rd3 Qxa4 29.Nf5 Qc2
30.Rxd5 Qxe2 31.Nxg7 Ne3+ 32.Kh3 Qxf2 33.Rdd8 Kxg7  0-1

[Event "31st Taminco Open"]
[Site "Ghent BEL"]
[Date "2008.07.21"]
[Round "5"]
[White "Schebler,G"]
[Black "Van Mechelen,J"]
[Result "1-0"]
[WhiteElo "2453"]
[BlackElo "2269"]

1.Nf3 Nf6 2.g3 b6 3.Bg2 Bb7 4.O-O c5 5.c4 g6 6.Nc3 Bg7 7.d4 cxd4 8.Qxd4 O-O
9.Qh4 d6 10.Bh6 Nbd7 11.Bxg7 Kxg7 12.Qd4 Rc8 13.Rfd1 Kg8 14.Rac1 Qc7 15.b3 Qc5
16.Qf4 Ne5 17.Nxe5 dxe5 18.Qd2 Bxg2 19.Kxg2 Qc6+ 20.Kg1 Kg7 21.Qe3 Qe6 22.Nd5 Rfd8
23.Nxf6 exf6 24.Rd2 Rxd2 25.Qxd2 Rc7 26.Rd1 e4 27.Qd8 Qe7 28.Qxe7 Rxe7 29.Rd5 f5
30.Kf1 Kf6 31.h3 Ke6 32.Ke1 h5 33.h4 f6 34.a4 Rc7 35.Kd2 Rc5 36.Rd4 a5 37.Kc3 g5
38.b4 axb4+ 39.Kxb4 e3 40.f4 gxh4 41.gxh4 Rc7 42.Kb5 Rg7 43.Kxb6 Rg4 44.c5  1-0

[Event "17th ch-MKD"]
[Site "Struga MKD"]
[Date "2008.07.22"]
[Round "9"]
[White "Vasovski,N"]
[Black "Bogdanovski,V"]
[Result "1/2-1/2"]
[WhiteElo "2325"]
[BlackElo "2388"]

1.Nf3 Nf6 2.c4 c5 3.g3 b6 4.Bg2 Bb7 5.O-O g6 6.Nc3 Bg7 7.d4 cxd4 8.Qxd4 d6
9.Rd1 Nbd7 10.b3 a6  1/2-1/2

[Event "95th ch-GBR"]
[Site "Liverpool ENG"]
[Date "2008.07.30"]
[Round "3"]
[White "Woods,C"]
[Black "Rayner,F"]
[Result "1/2-1/2"]
[WhiteElo "1934"]
[BlackElo "2207"]

1.Nf3 c5 2.c4 Nf6 3.g3 b6 4.Bg2 Bb7 5.O-O g6 6.b3 Bg7 7.Bb2 O-O 8.d3 d5 9.cxd5 Bxd5
10.Nbd2 Nc6 11.Nc4 Nd4 12.Ne1 Bxg2 13.Nxg2 Rc8 14.e3 Nc6 15.Qe2 Qc7 16.Rac1 e5
17.e4 Rfd8 18.f4 exf4 19.gxf4 Nd4 20.Qe1 b5 21.Nce3 Qe7 22.Kh1 Nd7 23.Nd5 Qd6
24.Nge3 Re8 25.Qh4 Nb6 26.f5 Nxd5 27.Nxd5 Nxf5 28.Rxf5 Bxb2 29.Rxf7 Kxf7
30.Qxh7+ Ke6 31.Rf1 Rf8 32.Qh3+ Ke5 33.Rg1 Qe6 34.Qg3+ Kd4 35.Qe3+ Ke5 36.Qg3+ Kd4
37.Qe3+ Ke5 38.Qg3+  1/2-1/2

[Event "IX Miquel Mas de Figueres Open"]
[Site "Castell de Sant Ferran ESP"]
[Date "2008.08.07"]
[Round "7"]
[White "Garza Marco,S"]
[Black "Negre,A"]
[Result "1-0"]
[WhiteElo "2398"]
[BlackElo "2117"]

1.Nf3 Nf6 2.g3 b6 3.Bg2 Bb7 4.c4 c5 5.O-O g6 6.d3 Bg7 7.e4 d6 8.Nh4 e5 9.f4 h6
10.Nc3 O-O 11.f5 g5 12.Nf3 Nh7 13.h4 g4 14.Nh2 h5 15.f6 Bxf6 16.Rf5 Bc8 17.Rxh5 Bg7
18.Rf5 Nc6 19.Rf2 Qd7 20.Nd5 Nd4 21.Ne3 Nf6 22.Nf5 Nxf5 23.exf5 Bb7 24.Bxb7 Qxb7
25.Nxg4 Qe7 26.Bg5 Rfd8 27.h5 Kh7 28.Qd2  1-0

[Event "WCh-Junior"]
[Site "Gaziantep TUR"]
[Date "2008.08.13"]
[Round "11"]
[White "Niemi,M"]
[Black "Sarenac,I"]
[Result "0-1"]
[WhiteElo "2214"]
[BlackElo "2289"]

1.Nf3 Nf6 2.c4 b6 3.g3 c5 4.Bg2 Bb7 5.O-O g6 6.Nc3 Bg7 7.d4 cxd4 8.Qxd4 d6
9.Qd3 Nbd7 10.b3 Nc5 11.Qc2 d5 12.Rd1 Qc8 13.Nb5 a6 14.Na3 dxc4 15.Nxc4 Be4
16.Qd2 Qb7 17.Bb2 O-O 18.Rac1 Rac8 19.Bd4 Ncd7 20.Qb2 Rfd8 21.Ne3 b5 22.Rxc8 Rxc8
23.Rc1 Bh6 24.Rxc8+ Qxc8 25.Nd2 Bxg2 26.Kxg2 Qc6+ 27.Kg1 Ne4 28.Nf3 Bf8 29.Qc2 Qxc2
30.Nxc2 e6 31.Kf1 Bd6 32.Ke1 Kf8 33.Nd2 Nec5 34.Kd1 Ke7 35.Ne1 f5 36.Kc2 e5
37.Bxc5 Nxc5 38.Ng2 Ke6 39.f3 Kd5 40.Kc3 Bc7 41.e4+ Ke6 42.Ne3 Bd6 43.Nc2 h5
44.Nb4 Kf6 45.h3 Kg5 46.h4+ Kf6 47.Nd3 Ne6 48.Nf2 Nd4 49.exf5 Kxf5 50.Kd3 Be7
51.Nfe4 Ke6 52.Nf2 Nf5 53.Nfe4 Kd5 54.Nf1 Kc6 55.Ne3 Ng7 56.Nf1 Ne6 57.Ne3 Nc5+
58.Nxc5 Kxc5 59.Nc2 a5 60.a3 Kd5 61.Ne3+ Kc6 62.Nc2 Bd6 63.Ke4 Kc5 64.g4 a4
65.bxa4 bxa4 66.Kd3 Kb5 67.g5 Bc5 68.Ke4 Kc4 69.Kxe5 Kc3 70.Ne1 Bxa3  0-1

[Event "Open"]
[Site "Ptuj SLO"]
[Date "2008.08.16"]
[Round "9"]
[White "Kukovec,B"]
[Black "Krumpacnik,D"]
[Result "1-0"]
[WhiteElo "2228"]
[BlackElo "2376"]

1.Nf3 Nf6 2.c4 c5 3.g3 b6 4.Bg2 Bb7 5.O-O g6 6.Nc3 Bg7 7.Re1 O-O 8.e4 Nc6
9.e5 Ne8 10.d4 Nxd4 11.Nxd4 Bxg2 12.Kxg2 cxd4 13.Qxd4 d6 14.Bf4 dxe5 15.Qxd8 Rxd8
16.Bxe5 f6 17.Bf4 e5 18.Be3 Nd6 19.b3 Nf5 20.Rad1 Nxe3+ 21.fxe3 Kf7 22.Kf2 Rfe8
23.Nb5 Bf8 24.a4 Bb4 25.Rf1 Rxd1 26.Rxd1 Re7 27.Rd8 Ke6 28.Ra8 Rd7 29.Rxa7 Rd2+
30.Kf3 Rxh2 31.g4 Be1 32.Rb7 Rf2+ 33.Kg3 Rb2+ 34.Kf3 Rf2+ 35.Kg3 Rf4+ 36.Kh3 Rf3+
37.Kg2 Rg3+ 38.Kf1 Rxe3 39.Nc7+ Kd6 40.Nd5 Re4 41.Nxf6  1-0

[Event "Independence Cup A"]
[Site "Kyiv UKR"]
[Date "2008.08.17"]
[Round "5"]
[White "Matorin,E"]
[Black "Chernozem,S"]
[Result "1-0"]
[WhiteElo "2232"]
[BlackElo "2102"]

1.Nf3 Nf6 2.c4 c5 3.g3 b6 4.Bg2 Bb7 5.O-O g6 6.d4 cxd4 7.Qxd4 Bg7 8.Nc3 O-O
9.Qh4 d6 10.Bh6 Nbd7 11.Rfd1 Re8 12.Rac1 Rc8 13.Bxg7 Kxg7 14.b3 a6 15.Qd4 Kg8
16.Nd5 b5 17.Nd2 Bxd5 18.cxd5 Rxc1 19.Rxc1 Qa5 20.Rc2 b4 21.e4 h5 22.Qa7 Nc5
23.e5 Ng4 24.Nc4 Qd8 25.h3 Nh6 26.Kh2 Nf5 27.exd6 exd6 28.Nxd6 Qxd6 29.Qxc5 Qb8
30.h4 Nd6 31.Bh3 Re5 32.Qd4 Re4 33.Qf6 a5 34.Rc6 Ne8 35.Qf3 Rxh4 36.Kg2 Rd4
37.Rc8 Qe5 38.Be6 fxe6 39.Rxe8+ Kh7 40.Re7+  1-0

[Event "TCh-MNE Premier"]
[Site "Herceg Novi MNE"]
[Date "2008.08.30"]
[Round "6"]
[White "Jakovljevic,Vlado"]
[Black "Rajkovic,Du"]
[Result "1/2-1/2"]
[WhiteElo "2442"]
[BlackElo "2476"]

1.Nf3 Nf6 2.c4 b6 3.g3 c5 4.Bg2 Bb7 5.O-O g6 6.Nc3 Bg7 7.d4 Ne4 8.Nxe4 Bxe4
9.Be3 d6 10.Qd2 O-O 11.Rac1 Nd7 12.Bh6 Nf6 13.Bxg7 Kxg7 14.Rfd1 Qc7 15.Qc3 Rab8
16.b3 Rfd8 17.Ne1 Bxg2 18.Nxg2 cxd4 19.Qxd4 Kg8 20.Ne3 Rdc8 21.b4 Qb7 22.f3 Rc7
23.g4 h6 24.h4 b5 25.g5 hxg5 26.hxg5 Nh5 27.c5 dxc5 28.bxc5 Rc6 29.Qd7 Nf4
30.Kf2 Ne6 31.Ng4 Nxg5 32.Ne5 Re6 33.Qxb7 Rxb7 34.c6 Rc7 35.Rd7 Rc8 36.c7 Rd6
37.Rxe7 Kf8 38.Rd7 Rxd7 39.Nxd7+ Ke7 40.Ne5 a6 41.Rc6 Ne6 42.Rxa6  1/2-1/2

[Event "TCh-SRB 1st League"]
[Site "Subotica SRB"]
[Date "2008.09.02"]
[Round "2"]
[White "Martinovic,Sl"]
[Black "Marinkovic,Sl"]
[Result "1-0"]
[WhiteElo "2453"]
[BlackElo "2380"]

1.Nf3 Nf6 2.c4 b6 3.g3 c5 4.Bg2 Bb7 5.O-O g6 6.d4 cxd4 7.Qxd4 Bg7 8.Nc3 d6
9.Rd1 Nbd7 10.Be3 a6 11.Rac1 Rb8 12.b3 O-O 13.Qh4 Re8 14.h3 Rc8 15.Bh6 Bh8
16.Ng5 Bxg2 17.Kxg2 Rc5 18.a4 Qa8+ 19.Kg1 Rec8 20.e4 Re5 21.Nd5 Nxd5 22.cxd5 Bf6
23.Qg4 Rxc1 24.Rxc1 Nc5 25.f3 a5 26.Rc4 Qe8 27.h4 Bxg5 28.hxg5 e6 29.dxe6 Qxe6
30.Qxe6 fxe6 31.b4 d5 32.bxc5  1-0

[Event "EYb18"]
[Site "Herceg Novi MNE"]
[Date "2008.09.23"]
[Round "8"]
[White "Martinovic,Sa"]
[Black "Dzalbo,A"]
[Result "1/2-1/2"]
[WhiteElo "2395"]
[BlackElo "2102"]

1.Nf3 Nf6 2.g3 b6 3.Bg2 Bb7 4.O-O g6 5.c4 c5 6.Nc3 Bg7 7.d3 O-O 8.e4 d6 9.h3 Nc6
10.Be3 Nd7 11.d4 cxd4 12.Nxd4 Nxd4 13.Bxd4 Rc8 14.Bxg7 Kxg7 15.Qd4+ Kg8 16.b3 a6
17.Rfe1 Qc7 18.Rac1 Qc5 19.Qd2 Qa5 20.Rcd1 Rfe8 21.Nd5 Qxd2 22.Rxd2 Bxd5
23.exd5 b5 24.cxb5 axb5 25.Bf1 Rb8 26.Rc2 Kf8 27.b4 Rb7  1/2-1/2

[Event "ch-ESP KO"]
[Site "Ceuta ESP"]
[Date "2008.09.27"]
[Round "1.1"]
[White "Teran Alvarez,I"]
[Black "Lopez Martinez,Josep"]
[Result "1/2-1/2"]
[WhiteElo "2442"]
[BlackElo "2531"]

1.Nf3 Nf6 2.g3 b6 3.Bg2 Bb7 4.O-O c5 5.c4 g6 6.Nc3 Bg7 7.d4 cxd4 8.Qxd4 d6
9.Rd1 Nbd7 10.Be3 a6 11.Rac1 Rc8 12.b3 h5 13.Nd5 O-O 14.Qd3 Nxd5 15.cxd5 Nf6
16.Nd4 Nxd5 17.Bxd5 Bxd5 18.Nf5 Rxc1 19.Rxc1 Bb7 20.Nxg7 Kxg7 21.Qc3+ e5
22.Qc7 Qxc7 23.Rxc7 Bd5 24.Rd7 b5 25.Rxd6 Bb7 26.Rd7 Bc8 27.Rd6 f6 28.f3  1/2-1/2

[Event "ch-ESP KO"]
[Site "Ceuta ESP"]
[Date "2008.09.28"]
[Round "1.2"]
[White "Arizmendi Martinez,J"]
[Black "Franco Alonso,A"]
[Result "1/2-1/2"]
[WhiteElo "2524"]
[BlackElo "2472"]

1.Nf3 Nf6 2.c4 b6 3.g3 c5 4.Bg2 Bb7 5.O-O g6 6.Nc3 Bg7 7.d4 cxd4 8.Qxd4 d6
9.Rd1 Nbd7 10.Be3 Rc8 11.Rac1 a6 12.b3 O-O 13.Qh4 Rc7 14.g4 h6 15.Bxh6 Bxh6
16.Qxh6 Nxg4 17.Qh4 Ndf6 18.Rd4 Qc8 19.h3 Ne5  1/2-1/2

[Event "Tatry Open"]
[Site "Tatranske Zruby SVK"]
[Date "2008.10.03"]
[Round "8"]
[White "Ruckschloss,K"]
[Black "Rachela,M"]
[Result "0-1"]
[WhiteElo "2239"]
[BlackElo "2338"]

1.c4 Nf6 2.Nf3 b6 3.g3 c5 4.Bg2 Bb7 5.O-O g6 6.b3 Bg7 7.Bb2 O-O 8.d4 cxd4
9.Nxd4 Bxg2 10.Kxg2 d5 11.Na3 a6 12.e3 Ra7 13.Rc1 Rd7 14.c5 bxc5 15.Rxc5 Ne4
16.Rc2 e5 17.Nf3 d4 18.exd4 exd4 19.Qa1 Ng5 20.Nxg5 Qxg5 21.Qd1 Rfd8 22.Rd2 Nc6
23.Nc4 Ne7 24.h4 Qb5 25.Qf3 Nf5 26.Rfd1 Rd5 27.Rd3 h6 28.Kg1 R5d7 29.Re1 Rc8
30.Re2 Rcd8 31.Na3 Qa5 32.Red2 Re8 33.Nc2 Qxa2 34.Nxd4 Qb1+ 35.Kh2 Red8 36.Nxf5 Rxd3
37.Nxh6+ Bxh6 38.Qf6 Qxb2 39.Rxb2 Bg7  0-1

[Event "4NCL 2008-9"]
[Site "Sunningdale ENG"]
[Date "2008.10.04"]
[Round "1"]
[White "Pein,M"]
[Black "Morrison,G SCO"]
[Result "1/2-1/2"]
[WhiteElo "2395"]
[BlackElo "2328"]

1.Nf3 Nf6 2.c4 b6 3.g3 c5 4.Bg2 Bb7 5.O-O g6 6.Nc3 Bg7 7.d3 O-O 8.e4 Nc6
9.Bg5 d6 10.Qd2 Nd7 11.Bh6 Nde5 12.Ne1 Nd4 13.Bxg7 Kxg7 14.Ne2 Nec6 15.Nxd4 Nxd4
16.Nc2 Nxc2 17.Qxc2 e5 18.f4 f6 19.Bh3  1/2-1/2